000 00398nam a2200157Ia 4500
008 230711s9999||||xx |||||||||||||| ||und||
041 _aENG
082 _a620
_bRA-F
100 _aDurgaiah,Rama
245 0 _aFluid mechanics and machinery
250 _a1st . Ed.
260 _c2007
_aNew Delhi
_bNew Age International Publishers
300 _a884
650 _aMechanical Engineering
942 _cBK
999 _c4901
_d4901